| 000 | 00878nam a2200241 a 4500 | ||
|---|---|---|---|
| 001 | BRCA_3854 | ||
| 005 | 20190320204441.0 | ||
| 008 | 171209s1828----enka######---#000-0#eng-# | ||
| 041 | _aeng | ||
| 044 | _aenk | ||
| 050 | 4 |
_aF1208 _b.B43 1828 |
|
| 100 | 1 |
_aBeaufoy, Mark. _910037 |
|
| 245 | 1 | 0 |
_aMexican illustrations, founded upon facts _bindicative of the present condition of society, manners, religión, and morals, among the Spanish and native inhabitants of México... _cby Mark Beaufoy. |
| 260 |
_aLondon _bCarpenter _c1828 |
||
| 300 |
_a310 p. _bil. _c22 cm. |
||
| 500 | _aC13. | ||
| 500 | _aIncluye un texto de 15 páginas: Mexican Finances and Dividens. London: E. Wilson, 1827. | ||
| 650 | 1 | 4 |
_aViajeros ingleses _97018 |
| 651 | 4 |
_aMéxico _vCondiciones económicas _910038 |
|
| 651 | 4 |
_aMéxico _vVida social y costumbres _910039 |
|
| 902 | _aGFM | ||
| 942 |
_2lcc _cB |
||
| 999 |
_c3582 _d3582 |
||